000 00588nam a2200229Ia 4500
003 OSt
005 20220924152216.0
006 a|||||r|||| 00| 0
007 ta
008 220923b |||||||| |||| 00| 0 mar d
024 _a341536
037 _cTextual
040 _aARTS
_cARTS
_bmar
041 _2mar
_amar
082 _aO155,3NRAI,2, K5
100 _aVijya Rajydhyaksha
_9226122
245 0 _aAdhantar
260 _c1965
650 _aMARATHI LITERATURE
_938000
942 _hO155,3NRAI,2, K5
_cTEXL
_2CC
999 _c469099
_d469099